| 000 | 00678nam a2200193Ia 4500 | ||
|---|---|---|---|
| 003 | IN-BaIIA | ||
| 008 | 211028s9999 xx 000 0 eng d | ||
| 040 | _cIIA Library | ||
| 080 |
_a523.947:520.86 _bDUT |
||
| 100 |
_aJulius, W. H. _91410 |
||
| 245 | 0 |
_aPreliminary report of the Dutch expedition to Karang Sago (Sumatra) for the Observation of the total solar eclipse of may 1901 _cW. H. Julius, T. H. Wilterdink and A. A. Nijland |
|
| 260 |
_aAmsterdam _bEclipse Committee _c1902 |
||
| 300 | _a[various pagings.] | ||
| 650 |
_aExpeditions-Eclipses _91411 |
||
| 650 |
_aSolar Eclipse _91412 |
||
| 700 |
_aNijland, A. A _91413 |
||
| 700 |
_aWilterdink, T. H _91414 |
||
| 942 | _cBK | ||
| 999 |
_c652 _d652 |
||